| 000 | 01688nam a2200421 c 4500 | ||
|---|---|---|---|
| 999 |
_c48772 _d48772 |
||
| 001 | 48772 | ||
| 003 | ES-MaCES | ||
| 005 | 20170120140752.0 | ||
| 008 | 170120s2016 sp o000 | spa d | ||
| 017 |
_aM 39762-2016 _bDL |
||
| 020 | _a9788484175056 | ||
| 024 | 7 |
_a270-16-109-1 _2nipo |
|
| 024 | 7 |
_a270-16-110-4 _2nipo |
|
| 040 |
_aES-MaCES _bspa _cES-MaCES |
||
| 245 | 0 | 3 |
_aEl principio de igualdad en la negociación colectiva _cdir., Carmen Sánchez Trigueros ; coords., Djamil Tony Kahale Carrillo, Teresa Velasco Portero |
| 260 |
_aMadrid _bMinisterio de Empleo y Seguridad Social, Subdirección General de Información Administrativa y Publicaciones _c[2016] |
||
| 300 |
_a615 p. _c22 cm |
||
| 490 | 1 |
_aColección Informes y estudios. Serie Relaciones laborales _v111 |
|
| 504 | _aBibliografía | ||
| 541 | _cGratuito | ||
| 650 | 4 |
_anegociación colectiva _928362 |
|
| 650 | 4 |
_aigualdad de oportunidades _927183 |
|
| 650 | 4 |
_aigualdad de oportunidades en el empleo _930649 |
|
| 650 | 4 |
_amujeres _928657 |
|
| 650 | 4 |
_atrabajadora _928413 |
|
| 650 | 4 |
_adiscriminación por razones de sexo _929521 |
|
| 650 | 4 |
_acondiciones de trabajo _928327 |
|
| 650 | 4 |
_acondiciones de empleo _930040 |
|
| 650 | 4 |
_aconvenio colectivo _928361 |
|
| 650 | 4 |
_aEspaña _926964 |
|
| 653 | 1 | 0 | _aRelaciones laborales-Empleo |
| 700 | 1 |
_aSánchez Trigueros, Carmen _923349 _edir. |
|
| 700 | 1 |
_aKahale Carrillo, Djamil Tony _915632 _ecoord. |
|
| 700 | 1 |
_aVelasco Portero, Mª Teresa _925662 _ecoord. |
|
| 830 | 0 |
_aColección Informes y estudios (España. Ministerio de Empleo y Seguridad Social) _pSerie Relaciones laborales _v111 _934668 |
|
| 902 | _aLIB Libro | ||
| 942 |
_2CES _cBK _h2.0. |
||